金沢駅から出ている行先 - Statistics

General Stats
  • This quiz has been taken 17 times
  • The average score is 14 of 16
Answer Stats
Hint Answer % Correct
七尾
100%
富山
100%
富山
100%
小松
91%
福井
91%
敦賀
91%
北陸新幹線 敦賀
91%
長野
91%
東京
91%
七尾線 和倉温泉
82%
高松
82%
irいしかわ鉄道 糸魚川
82%
82%
上野
82%
黒部
73%
大聖寺
73%
No matching quizzes found
Score Distribution
Percent of People with Each Score
Percentile by Number Answered
Your Score History
You have not taken this quiz